000 00321nam a2200145Ia 4500
999 _c14108
_d14108
003 OSt
005 20260327171423.0
008 260210s9999 xx 000 0 und d
020 _a9787568007894
082 _a621.32
100 _aHustp
245 4 _aThe Colors Lighjting Design
260 _bHustp
942 _cBDES
_2ddc